| 000 | 00581nam a2200181 i 4500 | ||
|---|---|---|---|
| 001 | 49963 | ||
| 003 | ES-MaACL | ||
| 005 | 20250928120454.0 | ||
| 007 | t| | ||
| 008 | 030728s1951 sp ||||1| spa d | ||
| 100 | 1 |
_aCrespo Alvarez, Antonio. _941533 |
|
| 245 | 1 | 3 |
_aLa clínica de la embolia pulmonar / _cA. Crespo Alvarez ; prólogo de T. Hernando. |
| 260 |
_a[Madrid] : _bPaz Montalvo, _c[1951] ( _fDiana) |
||
| 300 |
_a227 p., 8 lám. : _bil. ; _c22 cm. |
||
| 700 | 1 |
_aHernando, Teófilo, _d1881-1976 _963094 |
|
| 852 |
_aES-MaACL _jD-5379 _bR.31268 |
||
| 999 |
_c49963 _d49963 |
||